| 000 | 00481nam a22001697a 4500 | ||
|---|---|---|---|
| 005 | 20251108164239.0 | ||
| 008 | 250721s1967 xx 000 0 ara d | ||
| 082 | 1 | 4 | _a920/إبر |
| 100 | 1 | _aفهد، بدري محمد | |
| 245 | 1 | 0 | _aالخليفة المغني إبراهيم بن المهدي / |
| 264 | 1 |
_aبغداد : _bمطبعة الإرشاد، _c1967. |
|
| 300 | _a266 ص | ||
| 650 | 1 | 7 | _aالتاريخ |
| 650 | 1 | 7 | _aالتراجم |
| 942 |
_2ddc _cBK |
||
| 999 |
_c7380 _d7380 |
||